Statistics for Regions Of Somalia On A Map

Click here to take the quiz!

General Stats

  • This quiz has been taken 395 times
  • The average score is 11 of 18

Answers on the Map

Answers color-coded by a green-red scale on the quiz's map according to % correct below.
 

Answer Stats

Region% Correct
Bari
72%
Bay
71%
Lower Juba
68%
Mudug
67%
Lower Shabelle
66%
Sool
66%
Awdal
64%
Middle Juba
63%
Banaadir
62%
Middle Shabelle
62%
Gedo
61%
Hiran
61%
Nugal
59%
Sanaag
59%
Bakool
56%
Galguduud
55%
Togdheer
54%
Maroodi Jeex
45%

Score Distribution

Percentile by Number Answered

Percent of People with Each Score

Your Score History

You have not taken this quiz